Popularne polskie piosenki w tym tygodniu. 07-13.05 - Statystyki

Ogólne statystyki
  • Ten quiz został rozwiązany 7 razy
  • Średni wynik to 17 z 30
Statystyki odpowiedzi
Wykonawca Wyświetlenia Utwór % Poprawnych
Ekipa 2.53M 3KIPA
100%
Ekipa 3.50M Chill
100%
Sobel 4.32M Fiołkowe Pole
100%
Sanah ft. Vito Bambino 2.09M Ale jazz!
86%
Sobel 2.00M Bandyta
86%
Mata 1.62M Patoreakcja
86%
Sanah 1.11M 2:00
71%
Sobel 769K Alien
71%
OIO 1.81M Amerykańskie Teledyski
71%
Sobel 984K Kinol
71%
Wiatr ft. Sobel, Be Vis 846K Testarossa
71%
OIO 2.37M Worki W Tłum
71%
Avi & Louis Villain 1.55M AMG
57%
Lipa ft. Kabe 722K Bezprawie
57%
Guzior 1.07M BLUEBERRY
57%
Guzior ft. Oskar83 971K FALA
57%
Kizo ft. Wac Toja 1.65M Nasze Lato
57%
Sobel ft. Young Igi 1.27M Nie Teraz
57%
OIO 1.07M Przypadkiem
57%
Sanah 1.30M etc. (na disco)
43%
Defis & MiłyPan 916K Musisz się starać
43%
Aymi 702K Nieważne
43%
Dawid Kwiatkowski 778K Bez Ciebie
29%
Sanah 669K Co ja robię tutaj
29%
Basgrow & C0PIK ft. Ruskij 931K Romantyk
29%
Sanah 1.71M ten Stan
29%
Sanah 1.06M To koniec
29%
Sanah 1.30M Irenka
14%
Sanah 656K Kapela gra
14%
Vivat 704K Oddam ci wszystko
14%
Nie znaleziono quizów pasujących do podanych kryteriów
Rozkład punktacji
Procent ludzi z każdym wynikiem
Percentyl według liczby udzielonych odpowiedzi
Twoja historia wyników
Nie rozwiązałeś tego quizu